00907cam a2200241 a 450000100100000000500170001000800410002704000300006808200170009810000360011524501130015126000400026430000280030465000220033265000390035465000310039365000250042470000410044991000280049004900090051895201210052799900170064800001168820200929162529.0960805s1993 cu a 001 0 spa  aDO-SdBNPbspacDLCdBNPHU a638.1bW499c1 aWerthein, Israel,d1904-92770510aCuba :bparaíso de las abejas (cartas a mi nieto) /cIsrael Werthein ; edición, Guadalupe Hechavarría. aSantiago, (Cuba) :bOriente,c1993. a174 p. :bil. ;c19 cm. 4aApicultura927706 4aCultura de las abejaszCuba927707 4aMiel de abejazCuba927708 4aMiel de abeja9277091 aHechavarría, Guadalupeeed.927710 aCatalogación derivada aBNGR 001052708MOaGRbGRcCTd2009-10-23iLF1l0o638.1 W499cp11688-10r2020-06-25w2020-06-25y2ZPréstamo interno c11373d11373